000
00231 a2200097 4500
001
41787
100
_a
Mcloughlin E V
245
_a
The Book of Knowledge (Vol-IX)
260
_a
New York
_b
Grolier Society
_c
090
_c
25898
_d
25898
942
_a
NUST-CAE
_c
M
_c
17666
999
_c
276860
_d
276860